Моя семья и другие звери : (Record no. 528621)
[ view plain ]
| 000 -LEADER | |
|---|---|
| fixed length control field | 01266nam a2200301 a 4500 |
| 001 - CONTROL NUMBER | |
| control field | 000941526 |
| 003 - CONTROL NUMBER IDENTIFIER | |
| control field | AM-YEHGA |
| 005 - DATE AND TIME OF LATEST TRANSACTION | |
| control field | 20250617164722.0 |
| 008 - FIXED-LENGTH DATA ELEMENTS--GENERAL INFORMATION | |
| fixed length control field | 030329s1983 ru a||||||||||||||0|rus|d |
| 040 ## - CATALOGING SOURCE | |
| Original cataloging agency | AM-YeHGA |
| 041 1# - LANGUAGE CODE | |
| Language code of text/sound track or separate title | rus |
| Language code of original | eng |
| 090 ## - LOCALLY ASSIGNED LC-TYPE CALL NUMBER (OCLC); LOCAL CALL NUMBER (RLIN) | |
| -- | 566871 |
| 100 1# - MAIN ENTRY--PERSONAL NAME | |
| Personal name | Даррелл, Джеральд, |
| Dates associated with a name | 1925-1995 |
| 245 10 - TITLE STATEMENT | |
| Title | Моя семья и другие звери : |
| Remainder of title | Путь кенгуренка / |
| Statement of responsibility, etc. | Д. Даррелл ; Пер. с англ. Л.А. Деревянкиной, Л. Жданова ; Предисл. В. Флинта. |
| 260 ## - PUBLICATION, DISTRIBUTION, ETC. | |
| Place of publication, distribution, etc. | Москва : |
| Name of publisher, distributor, etc. | Мир, |
| Date of publication, distribution, etc. | 1983. |
| 300 ## - PHYSICAL DESCRIPTION | |
| Extent | 342 с. : |
| Other physical details | ил. ; |
| Dimensions | 22 см. |
| 534 ## - ORIGINAL VERSION NOTE | |
| Introductory phrase | Оригинал на англ. : |
| Key title of original | Two in the bush / |
| Main entry of original | Gerald Durrell - |
| Publication, distribution, etc. of original | London : Collons : 1967 |
| 650 14 - SUBJECT ADDED ENTRY--TOPICAL TERM | |
| Topical term or geographic name entry element | Животные |
| 650 14 - SUBJECT ADDED ENTRY--TOPICAL TERM | |
| Topical term or geographic name entry element | Образ жизни животных |
| 650 14 - SUBJECT ADDED ENTRY--TOPICAL TERM | |
| Topical term or geographic name entry element | Экология и география животных |
| 650 14 - SUBJECT ADDED ENTRY--TOPICAL TERM | |
| Topical term or geographic name entry element | Этология животных |
| 653 0# - INDEX TERM--UNCONTROLLED | |
| Uncontrolled term | Животное и окружающая среда |
| 700 1# - ADDED ENTRY--PERSONAL NAME | |
| Personal name | Деревянкина, Л.А. |
| Relator term | пер. |
| Relationship | trl |
| 700 1# - ADDED ENTRY--PERSONAL NAME | |
| Personal name | Жданов, Л. |
| Relator term | пер. |
| Relationship | trl |
| 700 1# - ADDED ENTRY--PERSONAL NAME | |
| Personal name | Флинт, В. |
| Relator term | авт. предисл. |
| Relationship | aui |
| 740 0# - ADDED ENTRY--UNCONTROLLED RELATED/ANALYTICAL TITLE | |
| Uncontrolled related/analytical title | Путь кенгуренка |
| 942 ## - ADDED ENTRY ELEMENTS (KOHA) | |
| Source of classification or shelving scheme | Universal Decimal Classification |
| Koha item type | Գրքեր / Books |
| Withdrawn status | Lost status | Damaged status | Not for loan | Collection | Home library | Current library | Date acquired | Total checkouts | Full call number | Barcode | Date last seen | Price effective from | Koha item type | Public note |
|---|---|---|---|---|---|---|---|---|---|---|---|---|---|---|
| General | Fundamental Scientific Library | Fundamental Scientific Library | 17/10/2023 | РII/661351 | FL0672852 | 17/10/2023 | 17/10/2023 | Գրքեր / Books | 30 Days Loan |
ՀՀ Գիտությունների ազգային ակադեմիայի հիմնարար գիտական գրադարան = Fundamental Scientific Library of NAS RA
All site content, except where otherwise noted, is licensed under a